Barcelona: del franquisme a la democràcia. El protagonisme de la ciutadania /
Publicado:
Barcelona :
Institut de Cultura de l'Ajuntament de Barcelona ; Arxiu Històric de la Ciutat ,
2021
Descripción Física:
34a pàg. : fotografies i il·lustracions en blanc i negre ; 24 cm
Colección:
Barcelona Quaderns d'Història
; 27
Otros Autores:
Gil Garrusta, Marc
Materias:
Franquisme -- Barcelona
; Barcelona (Catalunya) -- Història -- 1975-1980, Transició
; Barcelona (Catalunya) -- Història
; Catalunya -- Història -- 1975-1980, Transició
Idioma:
Catalán , Español
MARC
| LEADER | 00000nas a22000007a 4500 | ||
|---|---|---|---|
| 001 | 28647 | ||
| 003 | AGDB | ||
| 005 | 20260324181528.0 | ||
| 008 | 241125b spa||||| |||| 00| 0 cat d | ||
| 017 | |a 1135-3058 | ||
| 040 | |a agdb |b cat | ||
| 041 | |a cat |a spa | ||
| 111 | 2 | |a Congrés d'Història de Barcelona |d (16è : 2019 : |c Barcelona, Catalunya) |9 71789 | |
| 245 | |a Barcelona: del franquisme a la democràcia. El protagonisme de la ciutadania / |c Marc Gil Garrusta, coordinador | ||
| 260 | |a Barcelona : |b Institut de Cultura de l'Ajuntament de Barcelona ; |b Arxiu Històric de la Ciutat ; |c 2021 | ||
| 300 | |a 34a pàg. : |b fotografies i il·lustracions en blanc i negre ; |c 24 cm | ||
| 490 | |a Barcelona Quaderns d'Història ; |v 27 | ||
| 504 | |a Bibliografia al final de cada capítol. | ||
| 505 | |a Conté la ponència: |t Espais i performativitat de protesta de les dones en la transició democràtica a la ciutat de Barcelona / |r Mary Nash | ||
| 505 | |a Conté la ponència: |t De Josep Maria de Porcioles a Pasqual Maragall, 1973-1983. Del caos tardofranquista al primer intent d'estabilització / |r Martí Marín Corbera | ||
| 505 | |a Conté la ponència: |t Las instituciones municipales en la Transición / |r Rafael Quirosa-Cheyrouze y Muñoz | ||
| 505 | |a Conté la ponència: |t La transformació social de Barcelona (1975-2006) / |r Marina Subirats Martori | ||
| 505 | |a Conté la ponència: |t Barcelona en transició. Les dinàmiques urbanes en els primers anys de la democràcia municipal / |r Oriol Nel·lo | ||
| 505 | |a Conté la ponència: |t Barcelona en clau de ruptura: lluites socials, polítiques i veïnals / |r Marc Andreu | ||
| 505 | |a Conté la ponència: |t El moviment veïnal i la construcció de la ciutat democràtica / |r Xavier Domènech Sampere | ||
| 505 | |a Conté la ponència: |t La ciutat del sexe, les drogues i el rock and roll / |r Josep Maria Martí Font | ||
| 505 | |a Conté la ponència: |t De la cultura de resistència a la gestió de la cultura democràtica / |r Carles Santacana i Torres | ||
| 505 | |a Conté la ponència: |t La ruptura municipal de 1979 / |r Joaquim Nadal i Farreras | ||
| 505 | |a Conté la comunicació: |t CEU-CEUMT (1972-1982). Moviments socials, polítiques urbanes, ajuntaments democràtics / |r Joan Alemany i Pau Verrié | ||
| 505 | |a Conté la comunicació: |t L'atenció a la infància com a eina de transformació social al barri del Raval de Barcelona: 1960-1980 / |r Enric Canet Capeta | ||
| 505 | |a Conté la comunicació: |t La dona, protagonista en la lluita dels barris: els testimonis a les Jornades Catalanes de la Dona / |r Maria Jesús Espuny Tomás | ||
| 505 | |a Conté la comunicació: |t La lluita pel dret a la planificació familiar a Barcelona (1976-1985) / |r Sara Fajula Colom | ||
| 505 | |a Conté la comunicació: |t Locos deshauciados: una isla de locura en un mar de cuerdos : la democratización española y la desinstitucionalización manicomial : estudio de caso del Institut Mental del Hospital de la Santa Creu (1971-1986) / |r Iván Sánchez-Moreno i Victoria Sedwoski | ||
| 505 | |a Conté la comunicació: |t Un patrimoni en transició. Les lluites de reivindicació patrimonial, 1973-1983 / |r Alessandro Scarnato | ||
| 505 | |a Conté la comunicació: |t Dones, espai públic, Poble-sec: les noves protagonistes / |r Elisabet Velo i Fabregat | ||
| 650 | 0 | |a Franquisme |x Barcelona |2 Arxiu |9 36073 | |
| 651 | 0 | |a Barcelona (Catalunya) |x Història |x 1975-1980, Transició |9 71791 | |
| 651 | 0 | |a Barcelona (Catalunya) |x Història |9 71792 | |
| 651 | 0 | |a Catalunya |x Història |y 1975-1980, Transició |9 53733 | |
| 700 | 1 | |a Gil Garrusta, Marc |9 71790 |e coordinador | |
| 710 | 2 | |a Arxiu Històric de la Ciutat (Barcelona, Catalunya) |9 52811 |e entitat editora | |
| 710 | 1 | |a Barcelona (Catalunya). |b Ajuntament |9 50981 |e enitat editora | |
| 856 | 4 | 0 | |u https://www.raco.cat/index.php/BCNQuadernsHistoria |y Accés lliure (RACO, Revistes Catalanes amb Accés Obert) |
| 942 | |2 udc |c ARXIU |n 1 | ||
| 952 | |0 0 |1 0 |4 0 |6 BIB1252 |7 1 |9 97575 |a Arxiu |b Arxiu |d 2024-11-25 |l 0 |o Bib-1252 |p 28647 |r 2024-11-25 00:00:00 |w 2024-11-25 |y ARXIU | ||
| 999 | |c 129454 |d 129454 | ||